000 01862nam a2200349 a 4500
001 ebr10699910
003 CaPaEBR
006 m o u
007 cr cn|||||||||
008 121007s2013 nyua sb 001 0 eng d
010 _z 2012041071
020 _z9780801451287 (cloth : alk. paper)
020 _z9780801467530 (e-book)
040 _aCaPaEBR
_cCaPaEBR
035 _a(OCoLC)844164751
043 _ae-li---
050 1 4 _aDK505.935
_b.F75 2013eb
082 0 4 _a947.93
_223
100 1 _aFrick, David A.
245 1 0 _aKith, kin, and neighbors
_h[electronic resource] :
_bcommunities and confessions in seventeenth-century Wilno /
_cDavid Frick.
260 _aIthaca :
_bCornell University Press,
_c2013.
300 _axxiv, 529 p. :
_bill.
504 _aIncludes bibliographical references and index.
505 0 _aOver the quartermaster's shoulder -- The neighbors -- One roof, four walls -- The bells of Wilno -- Speaking, writing, stereotyping -- Birth, baptism, godparenting -- Education and apprenticeship -- Courtship and marriage -- Marital discontents -- Guild house, workshop, guild altar -- Going to law : the language of litigation -- War, occupation, exile, liberation (1655-1661) -- Old age and poor relief -- Death in Wilno -- Epilogue : conflict and coexistence.
533 _aElectronic reproduction.
_bPalo Alto, Calif. :
_cebrary,
_d2013.
_nAvailable via World Wide Web.
_nAccess may be limited to ebrary affiliated libraries.
651 0 _aVilnius (Lithuania)
_xHistory
_y17th century.
651 0 _aVilnius (Lithuania)
_xSocial life and customs
_y17th century.
651 0 _aVilnius (Lithuania)
_xReligion
_y17th century.
655 7 _aElectronic books.
_2local
710 2 _aebrary, Inc.
856 4 0 _uhttp://site.ebrary.com/lib/rucke/Doc?id=10699910
_zAn electronic book accessible through the World Wide Web; click to view
999 _c6613
_d6613